000 01550nam a2200361Ia 4500
001 ebr10194138
003 CaPaEBR
006 m u
007 cr cn|||||||||
008 070215s2007 enkb sb 001 0 eng d
020 _z9781403979834 (hbk.)
020 _z1403979839 (hbk.)
040 _aCaPaEBR
_cCaPaEBR
035 _a(OCoLC)216947375
050 1 4 _aBP63.I52
_bS825 2007eb
082 0 4 _a297.09598
_222
100 1 _aGibson, Thomas,
_d1956-
245 1 0 _aIslamic narrative and authority in Southeast Asia
_h[electronic resource] :
_bfrom the 16th to the 21st century /
_cby Thomas Gibson.
260 _aBasingstoke :
_bPalgrave Macmillan,
_c2007.
300 _axii, 253 p. :
_bmaps.
490 1 _aContemporary anthropology of religion
504 _aIncludes bibliographical references and index.
533 _aElectronic reproduction.
_bPalo Alto, Calif. :
_cebrary,
_d2009.
_nAvailable via World Wide Web.
_nAccess may be limited to ebrary affiliated libraries.
650 0 _aIslam
_zIndonesia
_zSulawesi Selatan
_xHistory.
650 0 _aIslam and culture
_zIndonesia
_zSulawesi Selatan.
650 0 _aEthnology
_zIndonesia
_zSulawesi Selatan.
651 0 _aSulawesi Selatan (Indonesia)
_xReligion.
651 0 _aSulawesi Selatan (Indonesia)
_xSocial life and customs.
655 7 _aElectronic books.
_2local
710 2 _aebrary, Inc.
830 0 _aContemporary anthropology of religion.
856 4 0 _uhttp://site.ebrary.com/lib/rucke/Doc?id=10194138
_zAn electronic book accessible through the World Wide Web; click to view
999 _c221295
_d221295